<?xml version="1.0" encoding="UTF-8"?>
<marc:record xmlns:marc="http://www.loc.gov/MARC21/slim">
   <marc:leader>00000nam a2200000 a 4500</marc:leader>
   <marc:datafield ind1="1" ind2=" " tag="100">
      <marc:subfield code="a">Lasky, Kathryn</marc:subfield>
      <marc:subfield code="4">aut</marc:subfield>
      <marc:subfield code="e">Verfasser/-in</marc:subfield>
   </marc:datafield>
   <marc:datafield ind1="0" ind2="0" tag="245">
      <marc:subfield code="a">Die Spur der Donnerhufe</marc:subfield>
   </marc:datafield>
   <marc:datafield ind1="0" ind2="0" tag="245">
      <marc:subfield code="b">; Nebelberge Band 3, ab 10 Jahre</marc:subfield>
   </marc:datafield>
   <marc:datafield ind1=" " ind2="1" tag="264">
      <marc:subfield code="b">Ravensburger Buchverlag</marc:subfield>
      <marc:subfield code="c">2017</marc:subfield>
   </marc:datafield>
   <marc:datafield ind1="1" ind2=" " tag="490">
      <marc:subfield code="a">Die Spur der Donnerhufe</marc:subfield>
   </marc:datafield>
   <marc:datafield ind1="1" ind2=" " tag="520">
      <marc:subfield code="a">HÖRE DEN RUF DER FREIHEIT. ENTDECKE EIN NEUES LAND. FOLGE DER SPUR DER DONNERHUFE. Fast am Ziel! Unter Führung der jungen Stute Estrella hat die Herde einen weiten Weg zurückgelegt. Zwischen den Pferden und dem Weideland des süßen Grases liegt nur noch eine einzige Gebirgskette. Doch die letzte Etappe der Reise ist gefährlich und der rachsüchtige El Miedo hat es auf die Herde abgesehen. Als es ihm gelingt, Estrella und den Menschenjungen Tijo gefangen zu nehmen, steht plötzlich alles auf dem Spiel. Das fesselnde Finale der Erfolgstrilogie von Kathryn Lasky.</marc:subfield>
   </marc:datafield>
   <marc:datafield ind1=" " ind2=" " tag="020">
      <marc:subfield code="a">9783473408092</marc:subfield>
      <marc:subfield code="9">9783473408092</marc:subfield>
   </marc:datafield>
</marc:record>
